聖筵共享 : 從個人到小組活用歸納式研經法 Shèng yán gòngxiǎng: Cóng gèrén dào xiǎozǔ huóyòng guīnà shì yán jīng fǎ = Sharing the feast of Bible : personal and group inductive Bible study {ch} / (Record no. 36997)
[ view plain ]
| 000 -LEADER | |
|---|---|
| fixed length control field | 01330 am a2200217 4500 |
| 005 - DATE AND TIME OF LATEST TRANSACTION | |
| control field | 20181207165758.0 |
| 008 - FIXED-LENGTH DATA ELEMENTS--GENERAL INFORMATION | |
| fixed length control field | 090921s2007 cc a 000 0 chi d |
| 020 ## - INTERNATIONAL STANDARD BOOK NUMBER | |
| International Standard Book Number | 9789625136134 |
| 020 ## - INTERNATIONAL STANDARD BOOK NUMBER | |
| International Standard Book Number | 9625136134 |
| 040 ## - CATALOGING SOURCE | |
| Transcribing agency | CNTCS |
| Original cataloging agency | LGV |
| Modifying agency | LGV |
| 050 #4 - LIBRARY OF CONGRESS CALL NUMBER | |
| Classification number | BS600.3 |
| Item number | .Z53 2007 |
| 100 1# - MAIN ENTRY--PERSONAL NAME | |
| Personal name | 趙詠琴 Zhao, Yongqin |
| 245 10 - TITLE STATEMENT | |
| Title | 聖筵共享 : 從個人到小組活用歸納式研經法 Shèng yán gòngxiǎng: Cóng gèrén dào xiǎozǔ huóyòng guīnà shì yán jīng fǎ = Sharing the feast of Bible : personal and group inductive Bible study {ch} / |
| Statement of responsibility, etc | 趙詠琴著 Yongqin Zhao |
| 250 ## - EDITION STATEMENT | |
| Edition statement | 初版. |
| 260 ## - PUBLICATION, DISTRIBUTION, ETC. (IMPRINT) | |
| Place of publication, distribution, etc | 香港 Hong Kong: |
| Name of publisher, distributor, etc | 漢語聖經協會, |
| Date of publication, distribution, etc | c2007. |
| 300 ## - PHYSICAL DESCRIPTION | |
| Extent | viii, 293 p.: |
| Other physical details | ill.; |
| Dimensions | 23 cm. |
| 504 ## - BIBLIOGRAPHY, ETC. NOTE | |
| Bibliography, etc | Includes bibliographical reference p.291-293. |
| 520 ## - SUMMARY, ETC. | |
| Summary, etc | 本書詳盡講解歸納式研經法的理論和步驟,最寶貴和實用的,是它提供許多研習題解,幫助讀者消化和實踐理論。一至三章講述個人研經方法,四至六章講述“如何預備小組查經”以及“如何帶領小組查經。作者提出一個許多信徒略的理念一一研經的工夫由個人開始。一旦信徒掌握個人研經之法,即可帶領小組查經,與弟兄娣妹同享研經之樂,共享聖筵。 |
| 630 00 - SUBJECT ADDED ENTRY--UNIFORM TITLE | |
| Uniform title | Bible |
| General subdivision | Study and teaching {ch}. |
| 942 ## - ADDED ENTRY ELEMENTS (KOHA) | |
| Source of classification or shelving scheme | Library of Congress Classification |
| Item type | Books |
| Koha issues (borrowed), all copies | 1 |
| Withdrawn status | Lost status | Source of classification or shelving scheme | Damaged status | Not for loan | Home library | Current library | Shelving location | Date acquired | Source of acquisition | Cost, normal purchase price | Accession number | Total Checkouts | Full call number | Barcode | Date last seen | Date last borrowed | Price effective from | Koha item type |
|---|---|---|---|---|---|---|---|---|---|---|---|---|---|---|---|---|---|---|
| Library of Congress Classification | BSOP Library | BSOP Library | Chinese Books (General Circulation) | 09/16/2013 | CAP | 385.71 | C-11721 | 1 | BS600.3 Zh6 2007 | 00043521 | 12/27/2018 | 12/07/2018 | 09/16/2013 | Books |
